|
|
|
|
| LEADER |
01263nam a2200265 a 4500 |
| 001 |
12668338 |
| 003 |
BD-DhAAL |
| 008 |
121231s2002 mau 001 0 eng |
| 999 |
|
|
|c 13089
|d 13089
|
| 010 |
|
|
|a 2002001475
|
| 020 |
|
|
|a 1578512549 (alk. paper)
|
| 040 |
|
|
|a DLC
|c DLC
|d DLC
|d BD-DhAAL
|
| 082 |
0 |
0 |
|a 658.4/06
|2 21
|
| 100 |
1 |
|
|a Kotter, John P.,
|d 1947-
|9 45384
|
| 245 |
1 |
4 |
|a The heart of change :
|b real-life stories of how people change their organizations /
|c John P. Kotter, Dan S. Cohen.
|
| 260 |
|
|
|a Boston, Mass. :
|b Harvard Business School Press,
|c c2002.
|
| 300 |
|
|
|a xiv, 190 pages ;
|c 25 cm.
|
| 500 |
|
|
|a Includes index.
|
| 505 |
0 |
|
|a Introduction : the heart of change -- Increase urgency -- Build the guiding team -- Get the vision right -- Communicate for buy-in -- Empower action -- Create short-term wins -- Don't let up -- Make change stick -- Conclusion : we see, we feel, we change.
|
| 541 |
|
|
|e 00026431
|
| 650 |
|
0 |
|a Organizational change.
|9 45385
|
| 700 |
1 |
|
|a Cohen, Dan S.
|9 45386
|
| 852 |
1 |
|
|a Ayesha Abed Library
|j General shelf
|
| 942 |
|
|
|2 ddc
|c BK
|
| 952 |
|
|
|0 0
|1 0
|4 0
|6 658_406000000000000_KOT
|7 0
|9 21750
|a BRACUL
|b BRACUL
|c GEN
|d 2012-12-31
|e Karim International
|g 960.00
|l 2
|m 24
|o 658.406 KOT
|p 3010026431
|r 2017-11-05
|s 2017-05-25
|t 1
|w 2012-12-31
|y BK
|